| 000 | 00519nab a2200181 a 4500 | ||
|---|---|---|---|
| 001 | 16628 | ||
| 003 | 35717 | ||
| 005 | 20201118095532.0 | ||
| 008 | ||||||n9999 ||| || || | ||
| 100 | _aMuelas Hurtado, Lorenzo | ||
| 245 | 0 | _aDeclaracion del movimiento de autoridades indmgenas de Colombia | |
| 300 | _app. 5-6 | ||
| 562 | _e0 | ||
| 650 | _aMOVIMIENTO INDIGENA | ||
| 650 | _aORDENAMIENTO TERRITORIAL | ||
| 773 |
_016627 _aBoletín de la Comisión de Ordenamiento Territorial - No.2-10 |
||
| 942 | _cSART | ||
| 999 |
_c16628 _d16628 |
||